000 00375nam a2200133Ia 4500
005 20251222141924.0
008 251222s9999||||xx |||||||||||||| ||spa||
020 _a84-7908-433-2
082 _a892.7/C97
100 _aCutillas Ferrer, José Francisco
245 0 _aCrónica y Relación de la Esclarecida Descendencia Xarifa
264 _bUniversidad de Alicante
942 _cLIB
999 _c8803
_d8803